000 01251nam a2200241Ia 4500
003 Ost
005 20260507075447.0
008 260507s9999||||xx |||||||||||||| ||und||
040 _cfsecg
041 _aara
082 _a338.9
100 _aعجمية، محمد عبد العزيز
_eمؤلف
245 0 _aالتنمية الاقتصادية :
_bدراسات نظرية و تطبيقية /
_c محمد عبد العزيز عجمية
260 _aالاسكندرية:
_bالدار الجامعة للنشر,
_c2006
300 _a383 صفحة؛
_bإيضاحات ؛
_c24 سم
520 _aمفهوم وخصائص التختف -خصائص التخلف--مقاييس النمو الاقتصادي-نظريات واستراتجية التنمية الاقتصادية--تمويل التنمية الاقتصاديةالشركات متعددة الجنسيات الاصلاح الاقتصادي في مصر-نماذج الامتحانات
653 _aالتنمية الاقتصادية
653 _aالسياسة الاقتصادية
653 _aالنمو الاقتصادي
700 _aعطية، ناصف ايمان
_eمؤلف ثانوي
700 _aنجا، علي عبد الوهاب
_eمؤلف ثانوي
942 _cكتاب
999 _c44588
_d44588